00245nam a2200097Ia 4500008004100000100001500041245003200056250001200088260003900100300000800139191201s2014 xx 000 0 und d aDROMEY,R.G 0aHow to Slove it by Computer aIMP 1st c2014bPearson EducationaNEW DELHI a442